| 000 | 01134cam a2200253 a 4500 | ||
|---|---|---|---|
| 001 | 82125 | ||
| 003 | BD-RjUL | ||
| 005 | 20231016141932.0 | ||
| 008 | 231015q19511952ir b 000 0 per d | ||
| 035 | _a(BD-RjUL) 82125 | ||
| 040 |
_aSAZTEC _cCStRLIN _dDLC-R _dDLC _beng |
||
| 041 | _aeng | ||
| 082 |
_223 _a297.2 _bZUU 1951-52 |
||
| 100 | 1 |
_aذوالمجدين، زين العابدين. ;; Z̲ū al-Majdayn, Zayn al-ʻAbidīn. _99580 |
|
| 245 | 1 | 0 |
_aUṣūl-i ʻaqāʼid, karāʼim-i akhlāq :اصول عقائد، كرائم اخلاق : _bbi-rāhʹnamāʼī-i Kalām Allāh ;; براهنمائى كلام الله // _cnigārish-i Zayn al-ʻAbidīn Z̲ū al-Majdayn. ;; نگارش زين العابدين ذوالمجدين. |
| 260 |
_aTihrān : تهران _bDānishgāh-i Tihrān,انتشارات دانشگاه _c1330 [1951 or 1952] |
||
| 300 |
_a280 p. ; _c25 cm. |
||
| 504 | _aIncludes bibliographical references (p. [281]). | ||
| 650 | 0 |
_aFaith (Islam) _96562 |
|
| 650 | 0 |
_aIslam _xDoctrines. |
|
| 942 |
_2ddc _cBK |
||
| 999 |
_c82125 _d82125 |
||